000 00990nam0a22002771 4500
001 rc\2992319
005 20250806211726.0
035 _a(NLR Aleph) 007136342
090 _a67280
_c67280
100 _a20110915d1941 u y0rusy50 ca
101 0 _arus
102 _aRU
105 _ay z |||||
200 1 _aВлияние путевых условий свободных рек на провозную способность буксирного флота
_eТезисы к дис. аспиранта Белоусова В.В.
210 _a[Ленинград]
_cБ. и.
_d[1941]
215 _a2 с.
_d28 см
300 _aБез тит. л. и обл.
300 _aСтеклогр.
700 1 _aБелоусов
_bВ.В.
_gВалерий Васильевич
801 0 _aRU
_bNLR
_gpsbo
801 1 _aRU
_bELAR
_2rusmarc
852 _aNLR
_jТ90 Г-8/102
942 _cBOOK
945 _aРоссийская национальная библиотека
980 _aNB
980 _aBV